Extreme Trust (Record no. 331493)
[ view plain ]
| 000 -LEADER | |
|---|---|
| fixed length control field | 00489nam a2200169Ia 4500 |
| 008 - FIXED-LENGTH DATA ELEMENTS--GENERAL INFORMATION | |
| fixed length control field | 230718s9999 xx 000 0 und d |
| 020 ## - INTERNATIONAL STANDARD BOOK NUMBER | |
| International Standard Book Number | 9781591844679 |
| 041 ## - LANGUAGE CODE | |
| Language code of text/sound track or separate title | eng |
| 082 ## - DEWEY DECIMAL CLASSIFICATION NUMBER | |
| Classification number | 174.4 |
| Item number | PEP |
| 100 ## - MAIN ENTRY--PERSONAL NAME | |
| Personal name | Peppers D. |
| 9 (RLIN) | 193945 |
| 245 ## - TITLE STATEMENT | |
| Title | Extreme Trust |
| Remainder of title | Honesty As A Competitive Advantage |
| 260 ## - PUBLICATION, DISTRIBUTION, ETC. (IMPRINT) | |
| Date of publication, distribution, etc. | 2012 |
| Name of publisher, distributor, etc. | Portfolio/Penguin |
| 300 ## - PHYSICAL DESCRIPTION | |
| Extent | 326 |
| 365 ## - TRADE PRICE | |
| Currency code | Rs. |
| Price amount | 799.00 |
| 700 ## - ADDED ENTRY--PERSONAL NAME | |
| Personal name | Peppers D. & Rogers M. |
| 9 (RLIN) | 193946 |
| 906 ## - LOCAL DATA ELEMENT F, LDF (RLIN) | |
| d | O:0309218-Oct-2012B:148024-Sep-2012 |
| c | COMP |
| b | 175.78 |
| Withdrawn status | Lost status | Damaged status | Not for loan | Home library | Current library | Date acquired | Vendor | Budget Code | Cost, normal purchase price | Bill number | Total Checkouts | Full call number | Barcode | Date last seen | Discount | Cost, replacement price | Bill Date | Koha item type | Original Barcode |
|---|---|---|---|---|---|---|---|---|---|---|---|---|---|---|---|---|---|---|---|
| Cummins College of Engineering for Women Pune | Cummins College of Engineering for Women Pune | 18/10/2012 | Technical Book Services | COMP | 623.22 | 1480 | 174.4 | CCEP-BK-42700 | 18/07/2023 | 175.78 | 799.00 | 24/09/2012 | Books | 042700 |